000 01007nam a22002297a 4500
010 _a1617EN
020 _a9780199239009
_c499.00
035 _aB-652135-146
035 _aB-666236
037 _adpl
_bPragati
082 _a658.872
100 _aGay, Richard
245 _aOnlinemarketing :
_cby Richard Gay, Alen Charlesworth and Rita Esen
_ba customer-led approach /
260 _aNew Delhi
_bOxford University Press
_c2016(rpt)
270 _aYMCA Building Jai Singh Road
_bNew Delhi
_e110001
300 _axv, 538 p.
_c24cm(pbk)
_bill.
700 _aCharlesworth, Alan
700 _aEsen, Rita
942 _2ddc
_cEN
_h658.872
_mGAY
999 _c101944
_d101944